La fuerza de la misericordia. La plenitud del ser humano
Saved in:
| Hovedforfatter: | |
|---|---|
| Format: | Bog |
| Sprog: | spansk |
| Udgivet: |
Maliaño, España.
Sal Terrae,
2017
|
| Serier: | Colección ST Breve
|
| Fag: | |
| Tags: |
Tilføj Tag
Ingen Tags, Vær først til at tagge denne postø!
|
MARC
| LEADER | 00000cam a2200000 a 4500 | ||
|---|---|---|---|
| 001 | UCC8219 | ||
| 003 | CL-VaPUC | ||
| 005 | 20211214171359.0 | ||
| 008 | 190617e20170000sp |||||||||||||||||spa|d | ||
| 999 | |c 374592 |d 374590 | ||
| 020 | |a 9788429326406 | ||
| 040 | |c Pontificia Universidad Católica de Valparaíso | ||
| 082 | 0 | 4 | |a 212.7 AUG 2017 |b |2 21 |
| 100 | 0 | |a Augustin, George |e autor |9 602883 | |
| 245 | 1 | 3 | |a La fuerza de la misericordia. |b La plenitud del ser humano |
| 260 | |a Maliaño, España. |b Sal Terrae, |c 2017 | ||
| 300 | |a 134 páginas | ||
| 440 | |a Colección ST Breve |n 95 |9 856745 | ||
| 583 | |a last modification |c 20190617 11:18:00 |k Rodrigo Vera | ||
| 650 | 0 | |a Misericordia |2 CL-VaPUC |9 315519 | |
| 650 | 0 | |a Existencia de Dios |9 266954 | |
| 650 | 0 | |a Atributos |2 CL-VaPUC |9 556246 | |
| 852 | |a BIBTEO | ||
| 942 | |c BK |2 ddc | ||
| 945 | |d 20190617 11:18:00 |a dcastane | ||
| 952 | |0 0 |1 0 |3 erb |4 0 |6 212_700000000000000_AUG_2017 |7 0 |8 A |9 493205 |a BIBTEO |b BIBTEO |d 2019-06-06 |e 8 |g 9800.00 |i 5551528 |o 212.7 AUG 2017 |p 5551528 |r 2025-01-17 |v 9800.00 |w 2019-11-24 |y BK |z Catalogado en:20190617 |k ICR | ||